书目信息 |
| 题名: |
周恩来与文艺
|
|
| 作者: | ;中国社会科学院文学研究所图书资料室 编 | |
| 分册: | 下 | |
| 出版信息: | 北京 中国社会科学出版社 1980 |
|
| 页数: | 445页 | |
| 开本: | 20cm | |
| 丛书名: | ||
| 单 册: | ||
| 中图分类: | I200 , I03 | |
| 科图分类: | ||
| 主题词: | 文艺思想-周恩来--研究资料 , 文艺工作者 | |
| 电子资源: | ||
| ISBN: | ||
| 000 | 00785nam0 2200253 45 | |
| 001 | 1560417702 | |
| 005 | 20150123164722.82 | |
| 010 | @dCNY1.20 | |
| 091 | @aCN@b10190.022 | |
| 100 | @a19960215d1980 emky0chiy0121 ea | |
| 101 | 0 | @achi |
| 102 | @aCN@b110000 | |
| 105 | @ay z 000yy | |
| 200 | 10 | @a周恩来与文艺@Azhou en lai yu wen yi@h下@f中国社会科学院文学研究所图书资料室编 |
| 210 | @a北京@c中国社会科学出版社@d1980 | |
| 215 | @a445页@d20cm | |
| 600 | 0 | @a周恩来@x文艺思想@x研究资料 |
| 606 | @a文艺思想-周恩来@x研究资料 | |
| 606 | 0 | @a文艺工作者 |
| 690 | @aI200@v3 | |
| 690 | @aI03@v4 | |
| 711 | 02 | @a中国社会科学院文学研究所图书资料室@Azhong guo she hui ke xue yuan wen xue yan jiu suo tu shu zi liao shi@4编 |
| 801 | 0 | @aCN@bTSSF@c20150123 |
| 905 | @aZUCC@dI03@eJY33:2 | |
| 周恩来与文艺.下/中国社会科学院文学研究所图书资料室编.-北京:中国社会科学出版社,1980 |
| 445页;20cm |
| ISBN :CNY1.20 |
| ● |
| 相关链接 |
|
|
|
|
正题名:周恩来与文艺
索取号:I03/JY33:2
 
预约/预借
| 序号 | 登录号 | 条形码 | 馆藏地/架位号 | 状态 | 备注 |
| 1 | 7855730 | 278557303 | 学院路分馆/ [索取号:I03/JY33:2] | 在馆 |